| 000 | 00734nam a22001697a 4500 | ||
|---|---|---|---|
| 008 | 100321t xxu||||| |||| 00| 0 eng d | ||
| 020 | _a8121922011 | ||
| 082 |
_222 _a005.1 _bMAT |
||
| 100 |
_aMathew, Sajan. _912914 |
||
| 245 |
_aSoftware Engineering : _bFor undergraduate and postgraduate programs in computer... / _cSajan Mathew. |
||
| 260 |
_aNew Delhi: _bS.Chand & Company, _cC.2003. |
||
| 300 |
_a375p: _bill; _c24 cm. |
||
| 500 | _aincludes bibliographic references. | ||
| 650 |
_aSoftware Engineering. _912915 |
||
| 942 |
_2ddc _cBB |
||
| 999 |
_c13737 _d13737 |
||